SEDME (Record no. 165779)

MARC details
000 -LEADER
fixed length control field 00573nas a22001937a 4500
001 - CONTROL NUMBER
control field dpl
005 - DATE AND TIME OF LATEST TRANSACTION
control field 20190629152631.0
008 - FIXED-LENGTH DATA ELEMENTS--GENERAL INFORMATION
fixed length control field 190629b ||||| |||| 00| 0 eng d
022 ## - INTERNATIONAL STANDARD SERIAL NUMBER
International Standard Serial Number 0970-8464
040 ## - CATALOGING SOURCE
Language of cataloging eng
082 04 - DEWEY DECIMAL CLASSIFICATION NUMBER
Classification number 338.64
245 00 - TITLE STATEMENT
Title SEDME
260 ## - PUBLICATION, DISTRIBUTION, ETC. (IMPRINT)
Place of publication, distribution, etc New Delhi :
Name of publisher, distributor, etc Sage Publications
Date of publication, distribution, etc 2019-
300 ## - PHYSICAL DESCRIPTION
Extent v. :
Dimensions 24cm.
310 ## - CURRENT PUBLICATION FREQUENCY
Current publication frequency Quarterly
270 ## - ADDRESS
Address B1/I-1,Mohan Cooperative Industrial Area,Mathura Road,
City New Delhi
Country India
Postal code 110044
Electronic mail address customerservicejournals@sagepub.in
906 ## - LOCAL DATA ELEMENT F, LDF (RLIN)
c serials
942 ## - ADDED ENTRY ELEMENTS (KOHA)
Source of classification or shelving scheme Dewey Decimal Classification
Item type Periodicals
Classification part 338.64
Serial record 1
Call number suffix SED
Holdings
Withdrawn status Lost status Source of classification or shelving scheme Damaged status Not for loan Collection code Home library Current library Date acquired Source of acquisition Total Checkouts Full call number Date last seen Price effective from Koha item type
    Dewey Decimal Classification   Not For Loan Non-fiction D.B.Act.Division D.B.Act.Division 29/06/2019 DBAD/PUB   338.64 SED 29/06/2019 29/06/2019 Periodicals

© Delhi Public Library
Hit Counter
free hit counter